TB. OF HUMAN HITOLOGY : WITH COLOUR ATLAS AND PRACTICE GUIDE (Record no. 1585)
[ view plain ]
| 000 -LEADER | |
|---|---|
| fixed length control field | 00377nam a2200145Ia 4500 |
| 008 - FIXED-LENGTH DATA ELEMENTS--GENERAL INFORMATION | |
| fixed length control field | 150201s2011 xx 000 0 und d |
| 082 ## - DEWEY DECIMAL CLASSIFICATION NUMBER | |
| Classification number | 611 |
| Item number | H11S |
| 100 ## - MAIN ENTRY--PERSONAL NAME | |
| Personal name | SINGH, INDERBIR |
| 245 ## - TITLE STATEMENT | |
| Title | TB. OF HUMAN HITOLOGY : WITH COLOUR ATLAS AND PRACTICE GUIDE |
| 250 ## - EDITION STATEMENT | |
| Edition statement | 6TH |
| 260 ## - PUBLICATION, DISTRIBUTION, ETC. (IMPRINT) | |
| Name of publisher, distributor, etc. | JAYPEE |
| Place of publication, distribution, etc. | DELHI |
| Date of publication, distribution, etc. | 2011 |
| 300 ## - PHYSICAL DESCRIPTION | |
| Extent | 1-386 |
| 650 ## - SUBJECT ADDED ENTRY--TOPICAL TERM | |
| Topical term or geographic name as entry element | HUMAN ANATOMY |
| 942 ## - ADDED ENTRY ELEMENTS (KOHA) | |
| Source of classification or shelving scheme | Dewey Decimal Classification |
| Koha item type | Books |
| Koha issues (borrowed), all copies | 14 |
| Withdrawn status | Lost status | Source of classification or shelving scheme | Damaged status | Not for loan | Collection code | Home library | Current library | Shelving location | Date acquired | Source of acquisition | Cost, normal purchase price | SGTU | Bill Number | Total Checkouts | Full call number | Barcode | Date last seen | Bill Date | Koha item type | Date last checked out |
|---|---|---|---|---|---|---|---|---|---|---|---|---|---|---|---|---|---|---|---|---|
| Dewey Decimal Classification | MEDICAL | SGT Medical Library | SGT Medical Library | Text Book | 23/01/2014 | ABC DELHI | 475.00 | SGTU | 4209 | 611 H11S | FM5568 | 09/02/2015 | 08/02/2014 | Books | ||||||
| Dewey Decimal Classification | MEDICAL | SGT Medical Library | SGT Medical Library | Text Book | 23/01/2014 | ABC DELHI | 475.00 | SGTU | 4209 | 611 H11S | FM5569 | 09/02/2015 | 08/02/2014 | Books | ||||||
| Dewey Decimal Classification | MEDICAL | SGT Medical Library | SGT Medical Library | Text Book | 23/01/2014 | ABC DELHI | 475.00 | SGTU | 4209 | 4 | 611 H11S | FM5570 | 11/01/2024 | 08/02/2014 | Books | 04/12/2023 | ||||
| Dewey Decimal Classification | MEDICAL | SGT Medical Library | SGT Medical Library | Text Book | 23/01/2014 | ABC DELHI | 475.00 | SGTU | 4209 | 6 | 611 H11S | FM5571 | 08/06/2023 | 08/02/2014 | Books | 08/06/2023 | ||||
| Dewey Decimal Classification | MEDICAL | SGT Medical Library | SGT Medical Library | Text Book | 23/01/2014 | ABC DELHI | 475.00 | SGTU | 4209 | 5 | 611 H11S | FM5572 | 28/01/2025 | 08/02/2014 | Books | 10/01/2025 |